000 01058nam a22003377a 4500
003 CHAP
005 20220817041845.0
008 971013s1963 fra r 00010 fre d
010 _a26678
011 _a27650
035 _a31751
040 _cCHAP
082 _a338.9
_bK3
100 0 0 _aKantorovitch, L. V.
_962694
245 1 _aCalcul économique et utilisation des ressources
260 _aParis :
_bDunod,
_c1963
300 _a305 p.
590 _aBATCH-UPD
_b10
_c20130110
_lUCH01
_h1259
590 _aBATCH-UPD
_b10
_c20130410
_lUCH01
_h0818
590 _aBATCH-UPD
_b10
_c20130914
_lUCH01
_h1230
590 _aCONVERSION
_b10
_c20130109
_lUCH01
_h1315
650 1 4 _aEconomía.
_935226
650 1 4 _aEstadística matemática.
_938261
650 1 4 _aPlanificación.
_988736
650 1 4 _aProductividad.
_991868
650 1 4 _aRecursos naturales
_xConservación.
901 _aBK
942 _cLIBRO
949 _a338.9 K3
_bBC
_cLIBRO
_d33724000263984
_eLIBRO
_h12953
_i31751
_si
949 _a338.9 K3
_bBC
_cLIBRO
_d33724000263992
_eLIBRO
_fc.2
_h12954
_i31751
_si
999 _c26678
_d26678